| 000 | 00383nam a2200169Ia 4500 | ||
|---|---|---|---|
| 008 | 170705s9999 xx 000 0 und d | ||
| 020 | _a9781443119153 | ||
| 245 | _aFox and squirrel / | ||
| 245 | _cRuth Ohi. | ||
| 260 | _aNew York : | ||
| 260 | _bScholastic, | ||
| 260 | _c2013 | ||
| 300 | _a29 pages : | ||
| 300 | _bcolor illustration ; | ||
| 300 | _c24cm. | ||
| 500 | _a170 | ||
| 999 |
_c336881 _d336881 |
||